|
|
|
|
| LEADER |
00998nam a22002772a 4500 |
| 001 |
000262787 |
| 003 |
CZ BrMZK |
| 005 |
20140919125558.0 |
| 007 |
ta |
| 008 |
980105s1951 xv f slv d |
| 040 |
|
|
|a BOA001
|b cze
|
| 100 |
1 |
|
|a Gregorčič, Simon,
|d 1844-1906
|7 js20020805080
|4 aut
|
| 245 |
1 |
0 |
|a Zbrano delo.
|n Knj. 3 ,
|p Preposnitve.
|p Proza.
|p Dostavki prepesnitev in proze.
|p Pisma 1874-1884 /
|c Simon Gregorčič ; uradil i z opombami opremil Franco Voblar ... [et al.]
|
| 246 |
3 |
0 |
|a Preposnitve.
|
| 246 |
3 |
0 |
|a Proza.
|
| 246 |
3 |
0 |
|a Dostavki prepesnitev in proze.
|
| 246 |
3 |
0 |
|a Pisma 1874-1884
|
| 260 |
|
|
|a Ljubljana :
|b Državna založba Slovenije,
|c 1951
|
| 300 |
|
|
|a 486 s.
|
| 490 |
1 |
|
|a Zbrana dela slovenskih pesnikov in pisateljev
|
| 830 |
|
0 |
|a Zbrana dela slovenskih pesnikov in pisateljev
|
| 910 |
|
|
|a BOA001
|b 2-0401.842,3
|
| 990 |
|
|
|a BK
|
| 993 |
|
|
|a Y
|
| 991 |
|
|
|b 201409
|
| 996 |
7 |
|
|b 2619876390
|c 2-0401.842,3
|l MZK
|r Sklad / do 24 hodin
|n 3
|w 000262787
|u 000010
|a 1
|e BOA001
|j MZK50
|s A
|